| 000 | 00807nam a22001937a 4500 | ||
|---|---|---|---|
| 999 |
_c7631 _d7631 |
||
| 003 | AR-CdUCM | ||
| 008 | 190321b ||||| |||| 00| 0 spa d | ||
| 040 |
_aMUNICIPALIDAD PROVINCIAL DEL CUSCO _cBIBLIOTECA MUNICIPAL DEL CUSCO |
||
| 082 |
_23ed. _a985.008 / _bD85A |
||
| 245 |
_aDocumental del Perú : _bdepartamento de Amazonas / |
||
| 260 |
_aLima : _bIOOPE, _c1968. |
||
| 300 |
_a160 páginas ; _bImagenes, mapas. _c21 cm. |
||
| 500 | _aDonación familia Nieto | ||
| 505 | _aContenido: En la ruta de los pongos (como viajar a Amazonas) -- "El que espanta" (El Pongo de Manseriche) -- Nazareth: primera colonización popular -- Nobles ciudades y pueblos en formación ... | ||
| 650 |
_aHistoriaAmazonas _921550 |
||
| 700 |
_aCortazar, Pedro Felipe (director) _917387 |
||
| 942 |
_2ddc _cLIBROS |
||
| 945 | _aafb | ||